000 01523nam a22002417a 4500
003 DO-SdBJH
005 20231122141226.0
008 231122b |||||||| |||| 00| 0 spa d
040 _aDO-SdBJH
_bspa
_cDO-SdBJH
090 _aTG AMBC
_b02011 2021
100 1 _aAcosta Marte, Anderson de Jesús
_esustentante
245 1 0 _aUso de la Tecnología, la Información y la Comunicación (TICs) en las relaciones públicas del Ejército de República Dominicana /
_c Anderson de Jesús Acosta Marte, Gregoris Osvaldo Rubio Ruiz, asesores Félix Rodolfo Feliz Feliz, Johany Josefina Acevedo Cabrera
260 _aSanto Domingo Este :
_bINSUDE,
_c2021
300 _axiii, 53 páginas
502 _aTrabajo de grado (Licenciado en Ciencias Militares) -- Instituto Superior para la Defensa (INSUDE). Academia “Militar Batalla de las Carreras” del Ejército de República Dominicana, 2021.
504 _aIncluye referencias bibliográficas e índices
505 _aRol de las relaciones públicas del Ejército de República Dominicana (ERD). -- TICs utilizadas en el Ejército de República Dominicana. -- Adecuacion en las normas de las TICs en el departamento de relaciones públicas del ERD
700 1 _aRubio Ruiz, Gregoris Osvaldo
_esustentante
700 1 _aFeliz Feliz, Félix Rodolfo
_easesor
700 1 _aAcevedo Cabrera, Johany Josefina
_easesor
830 _a INSUDE. “Academia “Militar Batalla de las Carreras” del Ejército de República Dominicana”. Tesis y disertaciones.
942 _2CL
_cT
999 _c7671
_d7671